000 00511nam a2200169 i 4500
001 25019
003 ES-MaACL
005 20230906153200.0
007 t|
008 021219s1929 xxu ||||1| eng d
100 1 _aApperson, G. L.
_922114
245 1 0 _aEnglish proverbs and proverbial phrases
_b: a historical dictionary /
_cby G. L. Apperson.
260 _aNew York :
_bJ.M. Dent and Sons,
_c1929.
300 _a721 p. ;
_c24 cm.
650 0 4 _aLengua inglesa-
_xModismos.
_914283
852 _aES-MaACL
_jA-2776
999 _c25019
_d25019